Statistics for 1980s Bacon Puzzle

Click here to take the quiz!

General Stats

  • This quiz has been taken 18,115 times
  • The average score is 11 of 20

Answer Stats

Actor% Correct
Eddie Murphy
91%
Sylvester Stallone
87%
Arnold Schwarzenegger
85%
Harrison Ford
84%
Michael J. Fox
82%
Patrick Swayze
82%
Danny Devito
80%
Matthew Broderick
70%
Jennifer Grey
56%
Charlie Sheen
55%
Kurt Russell
50%
James Earl Jones
49%
Christopher Lloyd
43%
Sean Penn
40%
Steve Guttenberg
40%
Kathleen Turner
38%
Carl Weathers
35%
Ally Sheedy
27%
Daryl Hannah
22%
Kim Cattrall
20%

Score Distribution

Percentile by Number Answered

Percent of People with Each Score

Your Score History

You have not taken this quiz